Твори (Запис № 387037)

МАРК-запис
000 -Лідер
fixed length control field 00672nam a22002417a 4500
001 - Контрольний номер
control field 100769
003 - Ідентифікатор контрольного номера
control field UA-OsUOA
005 - Дата та час останнього входження (трансакції)
control field 20230810111303.0
007 - Фіксоване поле фізичного опису
fixed length control field ta
008 - Елементи даних фіксованої довжини – загальна інформація
fixed length control field 20130530b un ||||| |||| 00| 0 ukr d
040 ## - Джерело каталогізації
Агенція оригінальної каталогізації UA-OsUOA
Мова каталогізації ukr
Агенція, яка здійснювала перезапис UA-OsUOA
Агенція, яка здійснювала модифікацію UA-OsUOA
041 ## - Код мови
Код мови тексту/ звукової доріжки чи окремого заголовка (П) ukr
080 ## - Індекс Універсальної десяткової класифікації
Індекс Універсальної десяткової класифікації (УДК) (НП) 82"652"
090 ## - Локальний шифр розміщення
Класифікаційний індекс УДК 82"652"
Авторський знак (НП) Г67
100 ## - Основне введення – ім’я особи
Ім’я особи (НП) Горацій К. Ф.
245 ## - Відомості про назву
Назва (НП) Твори
Дані про відповідальність (НП) Квінт Горацій Флакк
260 ## - Публікація, розповсюдження і т.п. (Вихідні дані)
Місце публікації, розповсюдження і т.п. (П) К.
Ім’я/ наймення видавництва, розповсюджувача і т.п. (П) Дніпро
Дата публікації, розповсюдження і т.п. (П) 1982
300 ## - Фізичний опис
Обсяг 254 с.
650 #7 - Додаткове предметне введення – тематичний термін
Тематичний термін чи географічна назва, як елемент введення (НП) 82 Література. Літературознавство
Джерело заголовка чи терміна UDC
942 ## - Додаткові елементи входу (Коха)
Тип елемента Koha Книги
Source of classification or shelving scheme Universal Decimal Classification
955 ## - Код типу видання за змістом
Код типу видання за змістом (НП) Літературно-художні видання
Фонди
Стан вилучень Стан втрат Джерело класифікації або схеми стелажів Стан уражень Не для кредиту Код колекції Постійне місце розташування Поточне розміщення Дата придбання Джерело придбання Вартість, звичайна ціна покупки Інвентарний номер Усього замовленно Штрих-код Дата останнього перегляду Ціна ефективна від Тип елемента Koha Повний номер виклику Вартість, ціна заміни
    Universal Decimal Classification     Колекція Жулинського М.Г. АБ - Абонемент НБ АБ - Абонемент НБ 28/10/2013 55/2013 15.00 143924   143924 06/02/2022 30/05/2013 Книги    
    Universal Decimal Classification     Колекція Жулинського М.Г. АБ - Абонемент НБ АБ - Абонемент НБ 28/10/2013 55/2013 15.00 143925   143925 06/02/2022 30/05/2013 Книги    
    Universal Decimal Classification       АБ - Абонемент НБ АБ - Абонемент НБ 30/05/2013     60369   60369 14/02/2022 30/05/2013 Книги    
    Universal Decimal Classification       АБ - Абонемент НБ АБ - Абонемент НБ 10/08/2023 №31/02.08.2023 15.00     166210 10/08/2023 10/08/2023 Книги 82"652" Г67 15.00